00786nam a2200217 a 450000100060000000300080000600500170001400800410003103500190007204000310009104100080012208200260013010000250015624501230018126000420030430000320034649000600037850400410043865000270047983000620050672074BD-RjUL20211209082216.0170513s1966 nyua b 001 0 eng d a(BD-RjUL)72290 aDLC/ICUcICUdBD-RjULbeng aeng00223a541.372bNAI 19661 aNancollas, George H.10aInteractions in electrolyte solutions :b(metal complex and ion-pair formation in solution) /cby George H. Nancollas. aNew York :bElsevier Pub. Co.,c1966. ax, 214 p. :bill. ;c22 cm.1 aTopics in inorganic and general chemistry,vMonograph 8 aIncludes bibliographies and indexes. 0aElectrolyte solutions. 0aTopics in inorganic and general chemistry ,vmonograph 8.